000 01790cam a22003854a 4500
999 _c50535
_d50535
001 15304265
005 20200226123254.0
008 080523s2009 caua 001 0 eng
010 _a 2008273846
020 _a0321542479 (student edition)
020 _a9780321542472 (student edition)
020 _a032155065X (professional copy)
020 _a9780321550651 (professional copy)
040 _aDLC
_cDLC
_dDLC
050 0 0 _aQP44
_b.M34 2009
080 _a611+ 612 M-30
082 0 0 _a612.0078
_222
100 1 _aMarieb, Elaine Nicpon,
_d1936-
_97403
245 1 0 _aHuman anatomy & physiology laboratory manual :
_cElaine N. Marieb, Susan J. Mitchell ; PhysioEx version 8.0 authored by Peter Z. Zao ... [et al.]. /
_bHuman anatomy and physiology laboratory manual
250 _a8th ed., update, main version
264 _aSan Francisco :
_bPearson/Benjamin Cummings,
_cc2009.
300 _a850p.1 v. (various pagings) :
_bill. (chiefly col.) ;
_c28 cm. +
_e1 computer optical disc (4 3/4 in).
440 4 _aThe Benjamin Cummings series in human anatomy and physiology
_97492
500 _aIncludes index.
538 _aSystem requirements: Windows 95, 98, NT, 2000, ME; Pentium I processor/266 mHz; Mac: OS 8.5.1; 240 mHz; 64 MB RAM; CD-ROM.
650 0 _aHuman physiology
_vLaboratory manuals.
_97396
650 0 _aHuman anatomy
_vLaboratory manuals.
_97395
653 _aადამიანის ანატომია
653 _aადამიანის ფიზიოლოგია
700 1 _aKollett, Linda S.
_eავტორი
_97405
700 1 _aZao, Peter Z.
_eავტორი
_97407
906 _a7
_bcbc
_corigcop
_d3
_encip
_f20
_gy-gencatlg
942 _2udc
_cBK
955 _apv14 2008-05-23 z-processor to ASCD
_ijb17 2008-05-30
_aaa05 2008-07-14